Ils sont nés un 11 aout - Statistiques

Statistiques générales
  • Ce quiz a été pris 24 fois
  • Le résultat moyen est 3 sur 6
Statistiques - réponses
Réponse % Correct
Enid Blyton
60%
Sadi Carnot
60%
Georges Pernoud
55%
Hulk Hogan
35%
Inès de La Fressange
25%
Ian McDiarmid
20%
Aucun quiz correspondant
Distribution des résultats
% des personnes avec chaque résultat
Percentile par nombre de réponses
Votre historique - résultats
Vous n’avez pas pris ce quiz